Random Questions - Tile Select (Turkish) - Statistics

General Stats
  • This quiz has been taken 18 times
  • The average score is 86 of 144
Answer Stats
Question Tile Select % Correct
Türk Yapımı Hava Yolu Şirketleri Air Manas No
94%
Dünyada En Çok İzlenmiş 5 Dizi Alice in Borderland No
88%
Türkiye'deki Sağcı Siyasi Partiler Cumhuriyet Halk Partisi No
88%
Türk Yapımı Hava Yolu Şirketleri Delta Air Lines No
88%
Türkiye'deki Sağcı Siyasi Partiler Halkların Demokratik Partisi No
88%
Futbolda En Güçlü 5 Ülke Hollanda No
88%
Türk Yapımı Hava Yolu Şirketleri TUI Airways No
88%
Türk Yapımı Hava Yolu Şirketleri Turkish Airlines Yes
88%
Türkiye'deki Sağcı Siyasi Partiler Türkiye İşçi Partisi No
88%
Türkiye'deki Sağcı Siyasi Partiler Yeniden Refah Partisi Yes
88%
Türkiye'deki Sağcı Siyasi Partiler Adalet ve Kalkınma Partisi Yes
81%
Türk Yapımı Hava Yolu Şirketleri AJet Yes
81%
Dünyanın En Değerli 5 Markası Apple Yes
81%
Üniversitelerde En Çok Puan İsteyen İlk 5 Bölüm Bilgisayar Mühendisliği Yes
81%
Denize Kıyısı Olan İlçeler Ceyhan No
81%
İnstagram'da En Çok Takipçisi Olan İlk 5 Kişi Cristiano Ronaldo Yes
81%
Türkiye'de En Çok Kullanılan İlk 5 Soyisim Doğan No
81%
Türkiye'deki Sağcı Siyasi Partiler Emek Partisi No
81%
Latin Alfabesi Kullanmayan Diller İbranice Yes
81%
Dünyanın En Değerli 5 Markası Instagram No
81%
Japonya Üretimi Araba Markaları Kia No
81%
1 Milyon Nüfusun Üzerindeki Şehirler Kocaeli Yes
81%
Denize Kıyısı Olan İlçeler Kuşadası Yes
81%
Dünyada En Çok İzlenmiş 5 Dizi La Casa De Papel Yes
81%
Türkiye'nin En Değerli İlk 5 Markası LC Waikiki No
81%
Denize Kıyısı Olan İlçeler Manyas No
81%
Dünyanın En Değerli 5 Markası Microsoft Yes
81%
Japonya Üretimi Araba Markaları Skoda No
81%
Türkiye'nin En Değerli İlk 5 Markası Türk Hava Yolları Yes
81%
Üniversitelerde En Çok Puan İsteyen İlk 5 Bölüm Uluslararası İlişkiler No
81%
Türkiye'de En Çok Kullanılan İlk 5 Soyisim Yılmaz Yes
81%
Dünyanın En Değerli 5 Markası Youtube No
81%
Türk Yapımı Hava Yolu Şirketleri ATA Airlines No
75%
Denize Kıyısı Olan İlçeler Ayvalık Yes
75%
Latin Alfabesi Kullanmayan Diller Danca No
75%
Türkiye'de En Çok Kullanılan İlk 5 Soyisim Demir Yes
75%
Latin Alfabesi Kullanmayan Diller Ermenice Yes
75%
Latin Alfabesi Kullanmayan Diller Felemenkçe No
75%
Türkiye'de En Çok Satılan İlk 5 Araba Modeli Fiat Egea Yes
75%
Dünyada En Çok İzlenmiş 5 Dizi Game of Thrones Yes
75%
Dünyanın En Değerli 5 Markası Google Yes
75%
Japonya Üretimi Araba Markaları Hyundai No
75%
Birden Fazla Ballon d'Or Kazanan Futbolcular Luka Modrić No
75%
Türkiye'deki Sağcı Siyasi Partiler Milliyetçi Hareket Partisi Yes
75%
Türkiye'de En Çok Kullanılan İlk 5 Soyisim Özdemir No
75%
Türk Yapımı Hava Yolu Şirketleri Pegasus Airlines Yes
75%
Türkiye'de En Çok Satılan İlk 5 Araba Modeli Peugeot Partner No
75%
Futbolda En Güçlü 5 Ülke Portekiz No
75%
Türkiye'de En Çok Satılan İlk 5 Araba Modeli Renault Megane Yes
75%
Türkiye'deki Sağcı Siyasi Partiler Saadet Partisi Yes
75%
Dünyanın En Değerli 5 Markası Samsung No
75%
Üniversitelerde En Çok Puan İsteyen İlk 5 Bölüm Sosyoloji No
75%
Dünyada En Çok İzlenmiş 5 Dizi Squid Game Yes
75%
Üniversitelerde En Çok Puan İsteyen İlk 5 Bölüm Tıp Yes
75%
1 Milyon Nüfusun Üzerindeki Şehirler Tokat No
75%
1 Milyon Nüfusun Üzerindeki Şehirler Adıyaman No
69%
Dünyanın En Değerli 5 Markası Amazon Yes
69%
Marvel Karakterleri Batman No
69%
Marvel Karakterleri Deadpool Yes
69%
Üniversitelerde En Çok Puan İsteyen İlk 5 Bölüm Elektrik - Elektronik Mühendisliği Yes
69%
Latin Alfabesi Kullanmayan Diller Fince No
69%
Latin Alfabesi Kullanmayan Diller Hırvatça No
69%
Japonya Üretimi Araba Markaları Honda Yes
69%
Futbolda En Güçlü 5 Ülke İspanya Yes
69%
İnstagram'da En Çok Takipçisi Olan İlk 5 Kişi Lionel Messi Yes
69%
Japonya Üretimi Araba Markaları Mazda Yes
69%
Japonya Üretimi Araba Markaları Mitsubishi Yes
69%
Türkiye'de En Çok Satılan İlk 5 Araba Modeli Renault Clio Yes
69%
Birden Fazla Ballon d'Or Kazanan Futbolcular Ronaldo Nazário Yes
69%
Japonya Üretimi Araba Markaları Ssangyong No
69%
Japonya Üretimi Araba Markaları Suzuki Yes
69%
Latin Alfabesi Kullanmayan Diller Yunanca Yes
69%
Futbolda En Güçlü 5 Ülke Brezilya Yes
63%
Denize Kıyısı Olan İlçeler Buca No
63%
Latin Alfabesi Kullanmayan Diller Gürcüce Yes
63%
İnstagram'da En Çok Takipçisi Olan İlk 5 Kişi Jennifer Lopez No
63%
Türkiye'de En Çok Kullanılan İlk 5 Soyisim Kaya Yes
63%
Birden Fazla Ballon d'Or Kazanan Futbolcular Luís Figo No
63%
Latin Alfabesi Kullanmayan Diller Moğolca Yes
63%
Türkiye'de En Çok Satılan İlk 5 Araba Modeli Opel Astra No
63%
Türkiye'de En Çok Kullanılan İlk 5 Soyisim Öztürk No
63%
Dünyada En Çok İzlenmiş 5 Dizi Peaky Blinders No
63%
Japonya Üretimi Araba Markaları Subaru Yes
63%
Türkiye'nin En Değerli İlk 5 Markası Türkiye İş Bankası Yes
63%
Futbolda En Güçlü 5 Ülke Arjantin Yes
56%
Birden Fazla Ballon d'Or Kazanan Futbolcular Fabio Cannavaro No
56%
Dünyanın En Değerli 5 Markası Facebook No
56%
Türkiye'de En Çok Satılan İlk 5 Araba Modeli Ford Focus No
56%
Türkiye'nin En Değerli İlk 5 Markası Ford Otosan Yes
56%
Futbolda En Güçlü 5 Ülke Fransa Yes
56%
Türkiye'nin En Değerli İlk 5 Markası Garanti BBVA No
56%
Üniversitelerde En Çok Puan İsteyen İlk 5 Bölüm İşletme No
56%
Futbolda En Güçlü 5 Ülke İtalya No
56%
Türkiye'de En Çok Satılan İlk 5 Araba Modeli Toyota Corolla Yes
56%
Marvel Karakterleri Wolverine Yes
56%
Marvel Karakterleri Aquaman No
50%
Türkiye'de En Çok Kullanılan İlk 5 Soyisim Çelik Yes
50%
Türkiye'deki Sağcı Siyasi Partiler Demokrat Parti Yes
50%
Birden Fazla Ballon d'Or Kazanan Futbolcular Franz Beckenbauer Yes
50%
Birden Fazla Ballon d'Or Kazanan Futbolcular Johan Cruyff Yes
50%
İnstagram'da En Çok Takipçisi Olan İlk 5 Kişi Justin Bieber No
50%
1 Milyon Nüfusun Üzerindeki Şehirler Mersin Yes
50%
Birden Fazla Ballon d'Or Kazanan Futbolcular Michel Platini Yes
50%
Dünyanın En Değerli 5 Markası NVIDIA Yes
50%
Denize Kıyısı Olan İlçeler Tarsus Yes
50%
Türkiye'de En Çok Kullanılan İlk 5 Soyisim Yıldırım No
50%
Birden Fazla Ballon d'Or Kazanan Futbolcular Zinédine Zidane No
50%
Türkiye'nin En Değerli İlk 5 Markası Arçelik Yes
44%
Üniversitelerde En Çok Puan İsteyen İlk 5 Bölüm Fizik Yes
44%
Futbolda En Güçlü 5 Ülke İngiltere Yes
44%
Denize Kıyısı Olan İlçeler Maltepe Yes
44%
Türkiye'nin En Değerli İlk 5 Markası Turkcell No
44%
Denize Kıyısı Olan İlçeler Akçaabat Yes
38%
Marvel Karakterleri Flash No
38%
İnstagram'da En Çok Takipçisi Olan İlk 5 Kişi Kim Kardashian No
38%
İnstagram'da En Çok Takipçisi Olan İlk 5 Kişi Kylie Jenner Yes
38%
1 Milyon Nüfusun Üzerindeki Şehirler Manisa Yes
38%
Birden Fazla Ballon d'Or Kazanan Futbolcular Ronaldinho Yes
38%
Türkiye'de En Çok Kullanılan İlk 5 Soyisim Şahin Yes
38%
1 Milyon Nüfusun Üzerindeki Şehirler Sivas No
38%
İnstagram'da En Çok Takipçisi Olan İlk 5 Kişi Taylor Swift No
38%
Türkiye'nin En Değerli İlk 5 Markası Vestel Yes
38%
Marvel Karakterleri Wonder Woman No
38%
Türkiye'nin En Değerli İlk 5 Markası Ziraat Bankası No
38%
Türkiye'de En Çok Satılan İlk 5 Araba Modeli Fiat Doblo No
31%
Üniversitelerde En Çok Puan İsteyen İlk 5 Bölüm Hukuk No
31%
Üniversitelerde En Çok Puan İsteyen İlk 5 Bölüm Matematik Yes
31%
İnstagram'da En Çok Takipçisi Olan İlk 5 Kişi Selena Gomez Yes
31%
Türk Yapımı Hava Yolu Şirketleri SunExpress Yes
31%
1 Milyon Nüfusun Üzerindeki Şehirler Tekirdağ Yes
31%
1 Milyon Nüfusun Üzerindeki Şehirler Aydın Yes
25%
Denize Kıyısı Olan İlçeler Bornova No
25%
1 Milyon Nüfusun Üzerindeki Şehirler Çanakkale No
25%
Türk Yapımı Hava Yolu Şirketleri Corendon Airlines Yes
25%
Dünyada En Çok İzlenmiş 5 Dizi The Walking Dead No
25%
Futbolda En Güçlü 5 Ülke Almanya No
19%
Dünyada En Çok İzlenmiş 5 Dizi Breaking Bad No
19%
Marvel Karakterleri Ghost Rider Yes
13%
Dünyada En Çok İzlenmiş 5 Dizi Stranger Things Yes
13%
Türkiye'de En Çok Satılan İlk 5 Araba Modeli Togg T10X Yes
13%
Dünyada En Çok İzlenmiş 5 Dizi Wednesday Yes
13%
İnstagram'da En Çok Takipçisi Olan İlk 5 Kişi Dwayne Johnson Yes
6%
Marvel Karakterleri Moon Knight Yes
6%
Marvel Karakterleri Star Lord Yes
6%
No matching quizzes found
Score Distribution
Percent of People with Each Score
Percentile by Number Answered
Your Score History
You have not taken this quiz